| 000 | 00892nam a2200265 a 4500 | ||
|---|---|---|---|
| 001 | 000023451 | ||
| 003 | OSt | ||
| 005 | 20200930022228.0 | ||
| 008 | 101208s1969 sp r 000 f spa d | ||
| 040 |
_aDO-SdBNP _bspa _cBNPHU |
||
| 082 |
_a843 _bL991a |
||
| 100 | 1 |
_aLyons, Delphine C., _948321 |
|
| 245 | 1 | 0 |
_aAbismos del pasado / _cDelphine C. Lyons ; traducción de M. Giménez. |
| 260 |
_aBarcelona : _bMolino, _c1969. |
||
| 300 |
_a189, [1] p. ; _c17 cm. |
||
| 490 | 1 |
_aNovelas góticas molino _v6 |
|
| 504 | _aIncluye referencias bibliográficas y notas al pie de las páginas. | ||
| 534 |
_pTítulo original en inglés: _tThe depths of yesterday. _c1966 |
||
| 650 | 4 |
_aNovela francesa _91075 |
|
| 650 | 4 |
_aLiteratura francesa _91074 |
|
| 700 | 1 |
_aGiménez Sales, Miguel, _etr. _d1922- _948322 |
|
| 830 | 0 |
_aNovelas góticas molino, 6 _976682 |
|
| 942 |
_2ddc _cLF1 |
||
| 956 | _aLOPEREZ | ||
| 999 |
_c22947 _d22947 |
||